Globálny vývoj ekonomiky a trendy na finančných trhoch

Konsolidácia verejných financií. Vývoj na finančných trhoch. Dlhová kríza v eurozóne. Stresové testy bánk. Legislatívne zmeny v USA. Frakčné bankovníctvo. Zlato a rezervné meny.

Salvato in:
Dettagli Bibliografici
Autore principale: Bikár, Miloš, 1973-
Altri autori: Polednáková, Anna, 1957-
Natura: Capitolo di libro
Lingua:slovacco
Soggetti:
Tags: Aggiungi Tag
Nessun Tag, puoi essere il primo ad aggiungerne!!

MARC

LEADER 00000naa a2200000 4500
001 0158242
005 20240502083351.6
041 0 |a slo 
044 |a CZ 
245 1 0 |a Globálny vývoj ekonomiky a trendy na finančných trhoch  |c Miloš Bikár, Anna Polednáková 
520 |a Konsolidácia verejných financií. Vývoj na finančných trhoch. Dlhová kríza v eurozóne. Stresové testy bánk. Legislatívne zmeny v USA. Frakčné bankovníctvo. Zlato a rezervné meny. 
610 2 0 |a trh finančný 
610 2 0 |a USA 
610 2 0 |a eurozóna 
610 2 0 |a financie verejné 
610 2 0 |a kríza finančná 
610 2 0 |a vývoj hospodársky 
610 2 0 |a konsolidácia 
100 1 |a Bikár, Miloš, 1973- 
700 1 |a Polednáková, Anna, 1957-